<?xml version="1.0" encoding="UTF-8"?>
<record
    xmlns:xsi="http://www.w3.org/2001/XMLSchema-instance"
    xsi:schemaLocation="http://www.loc.gov/MARC21/slim http://www.loc.gov/standards/marcxml/schema/MARC21slim.xsd"
    xmlns="http://www.loc.gov/MARC21/slim">

  <leader>00716nam a22001697a 4500</leader>
  <datafield tag="999" ind1=" " ind2=" ">
    <subfield code="c">57998</subfield>
    <subfield code="d">57998</subfield>
  </datafield>
  <controlfield tag="005">20220805124125.0</controlfield>
  <controlfield tag="008">210419c2019    ge ||||| |||| 00| 0 geo d</controlfield>
  <datafield tag="022" ind1=" " ind2=" ">
    <subfield code="a">0134 - 3459</subfield>
  </datafield>
  <datafield tag="041" ind1=" " ind2=" ">
    <subfield code="a">geo</subfield>
  </datafield>
  <datafield tag="245" ind1=" " ind2=" ">
    <subfield code="a">&#x10ED;&#x10DD;&#x10E0;&#x10DD;&#x10EE;&#x10D8; : </subfield>
    <subfield code="b">&#x10DA;&#x10D8;&#x10E2;&#x10D4;&#x10E0;&#x10D0;&#x10E2;&#x10E3;&#x10E0;&#x10E3;&#x10DA; - &#x10E1;&#x10D0;&#x10DB;&#x10EE;&#x10D0;&#x10E2;&#x10D5;&#x10E0;&#x10DD; &#x10D3;&#x10D0; &#x10E1;&#x10D0;&#x10D6;&#x10DD;&#x10D2;&#x10D0;&#x10D3;&#x10DD;&#x10D4;&#x10D1;&#x10E0;&#x10D8;&#x10D5;&#x10D8; &#x10DF;&#x10E3;&#x10E0;&#x10DC;&#x10D0;&#x10DA;&#x10D8; /</subfield>
    <subfield code="c">&#x10DB;&#x10D7;. &#x10E0;&#x10D4;&#x10D3;&#x10D0;&#x10E5;&#x10E2;&#x10DD;&#x10E0;&#x10D8; &#x10E1;&#x10D0;&#x10DC;&#x10D3;&#x10E0;&#x10DD; &#x10D1;&#x10D4;&#x10E0;&#x10D8;&#x10EB;&#x10D4;.</subfield>
  </datafield>
  <datafield tag="260" ind1=" " ind2=" ">
    <subfield code="a">&#x10D1;&#x10D0;&#x10D7;&#x10E3;&#x10DB;&#x10D8;, </subfield>
    <subfield code="c">2019.</subfield>
  </datafield>
  <datafield tag="300" ind1=" " ind2=" ">
    <subfield code="a">v.</subfield>
  </datafield>
  <datafield tag="653" ind1=" " ind2=" ">
    <subfield code="a">&#x10ED;&#x10DD;&#x10E0;&#x10DD;&#x10EE;&#x10D8; </subfield>
  </datafield>
  <datafield tag="653" ind1=" " ind2=" ">
    <subfield code="a">&#x10DE;&#x10D4;&#x10E0;&#x10DD;&#x10D3;&#x10D8;&#x10D9;&#x10D0;</subfield>
  </datafield>
  <datafield tag="700" ind1=" " ind2=" ">
    <subfield code="a"> &#x10D1;&#x10D4;&#x10E0;&#x10D8;&#x10EB;&#x10D4;, &#x10E1;&#x10D0;&#x10DC;&#x10D3;&#x10E0;&#x10DD;</subfield>
    <subfield code="e">&#x10DB;&#x10D7;&#x10D0;&#x10D5;&#x10D0;&#x10E0;&#x10D8; &#x10E0;&#x10D4;&#x10D3;&#x10D0;&#x10E5;&#x10E2;&#x10DD;&#x10E0;&#x10D8;</subfield>
    <subfield code="9">11447</subfield>
  </datafield>
  <datafield tag="942" ind1=" " ind2=" ">
    <subfield code="2">udc</subfield>
    <subfield code="c">CR</subfield>
  </datafield>
  <datafield tag="952" ind1=" " ind2=" ">
    <subfield code="0">0</subfield>
    <subfield code="1">0</subfield>
    <subfield code="2">udc</subfield>
    <subfield code="4">0</subfield>
    <subfield code="7">2</subfield>
    <subfield code="9">90206</subfield>
    <subfield code="a">CPL</subfield>
    <subfield code="b">CPL</subfield>
    <subfield code="d">2021-04-19</subfield>
    <subfield code="h"># 1 &#x10D8;&#x10D0;&#x10DC;&#x10D5;&#x10D0;&#x10E0;&#x10D8;- &#x10D7;&#x10D4;&#x10D1;&#x10D4;&#x10E0;&#x10D5;&#x10D0;&#x10DA;&#x10D8; (2019)</subfield>
    <subfield code="p">p 80799</subfield>
    <subfield code="r">2021-04-19</subfield>
    <subfield code="t">p 80799</subfield>
    <subfield code="w">2021-04-19</subfield>
    <subfield code="y">CR</subfield>
  </datafield>
  <datafield tag="952" ind1=" " ind2=" ">
    <subfield code="0">0</subfield>
    <subfield code="1">0</subfield>
    <subfield code="2">udc</subfield>
    <subfield code="4">0</subfield>
    <subfield code="7">2</subfield>
    <subfield code="9">90207</subfield>
    <subfield code="a">CPL</subfield>
    <subfield code="b">CPL</subfield>
    <subfield code="d">2021-04-19</subfield>
    <subfield code="h"># 3 &#x10DB;&#x10D0;&#x10D8;&#x10E1;&#x10D8; - &#x10D8;&#x10D5;&#x10DC;&#x10D8;&#x10E1;&#x10D8; (2019)</subfield>
    <subfield code="p">p 80800</subfield>
    <subfield code="r">2021-04-19</subfield>
    <subfield code="t">p 80800</subfield>
    <subfield code="w">2021-04-19</subfield>
    <subfield code="y">CR</subfield>
  </datafield>
  <datafield tag="952" ind1=" " ind2=" ">
    <subfield code="0">0</subfield>
    <subfield code="1">0</subfield>
    <subfield code="2">udc</subfield>
    <subfield code="4">0</subfield>
    <subfield code="7">2</subfield>
    <subfield code="9">90208</subfield>
    <subfield code="a">CPL</subfield>
    <subfield code="b">CPL</subfield>
    <subfield code="d">2021-04-19</subfield>
    <subfield code="h"># 4 &#x10D8;&#x10D5;&#x10DA;&#x10D8;&#x10E1;&#x10D8;-&#x10D0;&#x10D2;&#x10D5;&#x10D8;&#x10E1;&#x10E2;&#x10DD; (2019)</subfield>
    <subfield code="p">p 80801</subfield>
    <subfield code="r">2021-04-19</subfield>
    <subfield code="t">p 80801</subfield>
    <subfield code="w">2021-04-19</subfield>
    <subfield code="y">CR</subfield>
  </datafield>
  <datafield tag="952" ind1=" " ind2=" ">
    <subfield code="0">0</subfield>
    <subfield code="1">0</subfield>
    <subfield code="2">udc</subfield>
    <subfield code="4">0</subfield>
    <subfield code="7">2</subfield>
    <subfield code="9">90209</subfield>
    <subfield code="a">CPL</subfield>
    <subfield code="b">CPL</subfield>
    <subfield code="d">2021-04-19</subfield>
    <subfield code="h"># 5 &#x10E1;&#x10D4;&#x10E5;&#x10E2;&#x10D4;&#x10DB;&#x10D1;&#x10D4;&#x10E0;&#x10D8;- &#x10DD;&#x10E5;&#x10E2;&#x10DD;&#x10DB;&#x10D1;&#x10D4;&#x10E0;&#x10D8; (2019)</subfield>
    <subfield code="p">p 80802</subfield>
    <subfield code="r">2021-04-19</subfield>
    <subfield code="t">p 80802</subfield>
    <subfield code="w">2021-04-19</subfield>
    <subfield code="y">CR</subfield>
  </datafield>
  <datafield tag="952" ind1=" " ind2=" ">
    <subfield code="0">0</subfield>
    <subfield code="1">0</subfield>
    <subfield code="2">udc</subfield>
    <subfield code="4">0</subfield>
    <subfield code="7">2</subfield>
    <subfield code="9">90210</subfield>
    <subfield code="a">CPL</subfield>
    <subfield code="b">CPL</subfield>
    <subfield code="d">2021-04-19</subfield>
    <subfield code="h"># 6 &#x10DC;&#x10DD;&#x10D4;&#x10DB;&#x10D1;&#x10D4;&#x10E0;&#x10D8; - &#x10D3;&#x10D4;&#x10D9;&#x10D4;&#x10DB;&#x10D1;&#x10D4;&#x10E0;&#x10D8; (2019)</subfield>
    <subfield code="p">p 80803</subfield>
    <subfield code="r">2021-04-19</subfield>
    <subfield code="t">p 80803</subfield>
    <subfield code="w">2021-04-19</subfield>
    <subfield code="y">CR</subfield>
  </datafield>
  <datafield tag="952" ind1=" " ind2=" ">
    <subfield code="0">0</subfield>
    <subfield code="1">0</subfield>
    <subfield code="2">udc</subfield>
    <subfield code="4">0</subfield>
    <subfield code="7">2</subfield>
    <subfield code="9">90211</subfield>
    <subfield code="a">CPL</subfield>
    <subfield code="b">CPL</subfield>
    <subfield code="d">2021-04-19</subfield>
    <subfield code="h"># 6 &#x10DC;&#x10DD;&#x10D4;&#x10DB;&#x10D1;&#x10D4;&#x10E0;&#x10D8; - &#x10D3;&#x10D4;&#x10D9;&#x10D4;&#x10DB;&#x10D1;&#x10D4;&#x10E0;&#x10D8; (2019)</subfield>
    <subfield code="p">p 80804</subfield>
    <subfield code="r">2021-04-19</subfield>
    <subfield code="t">p 80804</subfield>
    <subfield code="w">2021-04-19</subfield>
    <subfield code="y">CR</subfield>
  </datafield>
  <datafield tag="952" ind1=" " ind2=" ">
    <subfield code="0">0</subfield>
    <subfield code="1">0</subfield>
    <subfield code="2">udc</subfield>
    <subfield code="4">0</subfield>
    <subfield code="7">0</subfield>
    <subfield code="9">92451</subfield>
    <subfield code="a">CPL</subfield>
    <subfield code="b">CPL</subfield>
    <subfield code="c">GEN</subfield>
    <subfield code="d">2022-08-05</subfield>
    <subfield code="h"># 3 &#x10DB;&#x10D0;&#x10D8;&#x10E1;&#x10D8;-&#x10D8;&#x10D5;&#x10DC;&#x10D8;&#x10E1;&#x10D8; (2019)</subfield>
    <subfield code="p">80916 p</subfield>
    <subfield code="r">2022-08-05</subfield>
    <subfield code="t">80916</subfield>
    <subfield code="w">2022-08-05</subfield>
    <subfield code="y">CR</subfield>
  </datafield>
</record>
